[Event "University of Alberta op"]
[Site "Edmonton"]
[Date "2005.05.07"]
[Round "3"]
[White "Duggan, Kyle"]
[Black "Mackinnon, Donald"]
[Result "1/2-1/2"]
[WhiteElo "1873"]
[BlackElo "1276"]
[PlyCount "69"]
[EventDate "2005.05.07"]
[EventType "swiss"]
[EventRounds "5"]
[EventCountry "CAN"]
[SourceTitle "CBM 106 Extra"]
[Source "ChessBase"]
[SourceDate "2005.07.01"]
[SourceVersion "1"]
[SourceVersionDate "2005.07.01"]
[SourceQuality "1"]

1. e4 e5 2. Nf3 Nc6 3. Bc4 Bb4 4. c3 Ba5 5. 0-0 Nf6 6. Re1 0-0 7. b4 Bb6 8. d4 d6 9. d5 Ne7 10. Bg5 Ng4 11. Be3 Bxe3 12. fxe3 Bd7 13. Nbd2 a6 14. Nf1 a5 15. bxa5 Rxa5 16. Be2 Qa8 17. N3d2 Rxa2 18. Rxa2 Qxa2 19. Bxg4 Bxg4 20. Qxg4 b5 21. Qd7 Ng6 22. Qxb5 f5 23. Qd7 Rf7 24. Qc8+ Nf8 25. exf5 Qxd5 26. Nf3 Qd3 27. Ng3 h6 28. Kh1 Qxc3 29. Ne4 Qd3 30. Ng3 Kh7 31. h4 Kg8 32. Qd8 Rd7 33. Qa8 Rf7 34. Qd8 Rd7 35. Qa8 1/2-1/2